000 01626cam a22005654i 4500
003 PE-LiUPU
005 20250731170459.0
008 150616s r 000 0 d
035 _a(Sirsi) a7240
040 _aPE-LiUPU
_bspa
_cPE-LiUPU
_erda
049 _aPRUA
082 0 4 _a125.5
_bE
_221
100 1 _aCroce, Benedetto,
_eautor.
245 1 0 _aEsthetic: as science of expression and general linguistic.
264 1 _aNew York :
_bThe Noonday Press,
_c1956.
300 _a503 páginas ;
_c21 cm.
336 _atext
_2rdacontent
337 _aunmediated
_2rdamedia
338 _avolume
_2rdacarrier
505 0 _aTheory of Esthetic -- History of Esthetic Esthetic.
526 _aSEG68
526 _aSEG70
526 _aSEG69
526 _aSEG67
526 _aSEG43
526 _aP144
526 _aP143
526 _aP131
526 _aP122
526 _aP120
526 _aP117
526 _aP112
526 _aP110
526 _aP106
526 _aP101
526 _aP80
526 _aP59
526 _aP54
526 _aP35
526 _aP33
526 _aP30
650 0 4 _aESTETICA (FILOSOFIA).
910 _ajck
_bjvq
_cjck
942 _2ddc
_cBOOK
949 _a125.5 E
_wDEWEY
_c1
_i40676
_lCCODEBUL1
_mBUL
_p00.00
_r0
_sY
_tBOOK
_u19960229
_xEDUCACION
_PP20
_0COMPRA
_o.STAFF. Colección General
994 _aC0
_bPEPRU
596 _a1
999 _a125.5 E
_wDEWEY
_c58462
_i40676
_f2021-11-4
_g5
_lCCODEBUL1
_mBUL
_r0
_sY
_tBOOK
_u2015-6-16
_xBIBLIOTECA
_PP20
_0COMPRA
_o.STAFF. Colección General
_d58462
980 _81
_gALBERTO SANCHEZ Responsable de Automatización